00561nam a2200145Ia 4500008004100000020002200041041000800063082002400071100003100095245006100126260005100187300000900238999001900247952014900266230519s9999 xx 000 0 und d a978-93-90619-09-2 aeng aF/610.73/GOY/DB1036 aGoyal Harindarjeet9180165 aTextbook of Nursing Foundations for GNM Nursing Students bCBS Publishers & DistributorsaNew Delhic2022 a680p c159617d159617 001040708FaBTINbBTINd2022-09-02g995.00i58l7oF 610.73 GOY DB1036pBTIN-DB-1036r2024-01-31 00:00:00s2024-01-29w2022-08-30yDBzDB1036